书目信息 |
| 题名: |
畜禽养殖污染防治技术与政策
|
|
| 作者: | 王凯军 主编 | |
| 分册: | ||
| 出版信息: | 北京 化学工业出版 2004.09 |
|
| 页数: | 259页 | |
| 开本: | 26cm | |
| 丛书名: | ||
| 单 册: | ||
| 中图分类: | S81 | |
| 科图分类: | ||
| 主题词: | 畜禽--污染防治 | |
| 电子资源: | ||
| ISBN: | 7-5025-5839-X | |
| 000 | 00906nam0 2200229 450 | |
| 001 | 0142591828 | |
| 005 | 20050525100631.70 | |
| 010 | @a7-5025-5839-X@dCNY 36.00 | |
| 100 | @a20041209d2004 km y0chiy0120 ea | |
| 101 | 0 | @achi |
| 102 | @aCN@b110000 | |
| 105 | @aa a 000yy | |
| 200 | 1 | @a畜禽养殖污染防治技术与政策@Axu qin yang zhi wu ran fang zhi ji shu yu zheng ce@f王凯军主编@Fwang kai jun zhu bian |
| 210 | @a北京@c化学工业出版@c社环境科学与工程出版中心@d2004.09 | |
| 215 | @a259页@c图@d26cm | |
| 320 | @a有书目。 | |
| 330 | @a本书不仅阐述了畜禽养殖场污染的产生来源、种类、危害影响、防治方法和资源化利用技术,而且还介绍了我国目前畜禽养殖业污染的总体现状,国外防治污染的方法、利用技术和经验;本书的最后还附有我国在畜禽养殖污染方面相关的法规和标准。 | |
| 606 | 0 | @a畜禽@x污染防治 |
| 690 | @aS81@v4 | |
| 701 | 0 | @a王凯军@Awang kai jun@4主编 |
| 801 | 0 | @aCN@bQSSK@c20050525 |
| 905 | @a10447@dS81@eW242 | |
| 畜禽养殖污染防治技术与政策/王凯军主编.-北京:化学工业出版:社环境科学与工程出版中心,2004.09 |
| 259页:图;26cm |
| ISBN 7-5025-5839-X:CNY 36.00 |
| 本书不仅阐述了畜禽养殖场污染的产生来源、种类、危害影响、防治方法和资源化利用技术,而且还介绍了我国目前畜禽养殖业污染的总体现状,国外防治污染的方法、利用技术和经验;本书的最后还附有我国在畜禽养殖污染方面相关的法规和标准。 |
| ● |
| 相关链接 |
|
|
|
正题名:畜禽养殖污染防治技术与政策
索取号:S81/W242
 
预约/预借
| 序号 | 登录号 | 条形码 | 馆藏地/架位号 | 状态 | 备注 |
| 1 | 498839 | 204988399 | 自科库401/401自科库 1排4列1层/ [索取号:S81/W242] | 在馆 |